000 00914nam a2200217 i 4500
001 125645
003 ES-MaACL
005 20260304174106.0
007 t|
008 070621q19001930fr ||||1| fre d
100 0 _aVigny, Alfred de,
_d1797-1863
_9114659
245 1 0 _aThéatre /
_cAlfred de Vigny ; Notes et commentaires par Léon Séché.
260 _aParis :
_bMignot,
_c[19--?]
300 _a3 v. ;
_c17 cm.
490 1 _aOeuvres completes / Alfred de Vigny
505 8 _aContiene: V. 1. Compositions d'après Shakespeare. Shylock. Otello -- v. 2. La Meréchale d'Angre quitte pour le peur -- v. 3. Chatterton. Suivi de Mademoiselle Sedaine et de la Propriété Littéraire et du Discours de Réception áa l'Academie Française.
700 1 _aSéché, Léon.
_9105037
830 0 _aOeuvres completes / Alfred de Vigny
_9186654
852 _aES-MaACL
_jC-17870-2
999 _c125645
_d125645